Water Supply and Waste Water Engineering (Record no. 5427)

MARC details
000 -LEADER
fixed length control field 00373nam a2200157Ia 4500
003 - CONTROL NUMBER IDENTIFIER
control field OSt
008 - FIXED-LENGTH DATA ELEMENTS--GENERAL INFORMATION
fixed length control field 191201s2012 xx 000 0 und d
082 ## - DEWEY DECIMAL CLASSIFICATION NUMBER
Classification number 628.1
Item number UPW
100 ## - MAIN ENTRY--PERSONAL NAME
Personal name UPADHYAY, AK
245 #0 - TITLE STATEMENT
Title Water Supply and Waste Water Engineering
250 ## - EDITION STATEMENT
Edition statement Rejp
260 ## - PUBLICATION, DISTRIBUTION, ETC. (IMPRINT)
Place of publication, distribution, etc New Delhi
Name of publisher, distributor, etc S.K.Kataria
Date of publication, distribution, etc 2012
300 ## - PHYSICAL DESCRIPTION
Extent MISC
650 ## - SUBJECT ADDED ENTRY--TOPICAL TERM
Topical term or geographic name as entry element B.Tech(CE)
942 ## - ADDED ENTRY ELEMENTS (KOHA)
Source of classification or shelving scheme Dewey Decimal Classification
Koha item type Text Books
Holdings
Withdrawn status Lost status Source of classification or shelving scheme Damaged status Not for loan Collection code Home library Current library Date acquired Source of acquisition Cost, normal purchase price Bill Number Total Checkouts Full call number Acc. no. / Barcode Date last seen Bill Date Koha item type Date last borrowed
    Dewey Decimal Classification     B.Tech(CE) PIET C-LIBRARY PIET C-LIBRARY 17/07/2012 IBH, New Delhi 150.00 5685   628.1 UPW 20497 04/12/2019 14/07/2012 Text Books  
    Dewey Decimal Classification     B.Tech(CE) PIET C-LIBRARY PIET C-LIBRARY 17/07/2012 IBH, New Delhi 150.00 5685 1 628.1 LAW 20498 09/01/2025 14/07/2012 Text Books 23/12/2024
    Dewey Decimal Classification     B.Tech(CE) PIET C-LIBRARY PIET C-LIBRARY 17/07/2012 IBH, New Delhi 150.00 5685 1 628.1 LAW 20499 23/12/2024 14/07/2012 Text Books 09/12/2024
    Dewey Decimal Classification     B.Tech(CE) PIET C-LIBRARY PIET C-LIBRARY 17/07/2012 IBH, New Delhi 150.00 5685   628.1 LAW 20500 04/12/2019 14/07/2012 Text Books  
    Dewey Decimal Classification     B.Tech(CE) PIET C-LIBRARY PIET C-LIBRARY 17/07/2012 IBH, New Delhi 150.00 5685   628.1 LAW 20501 04/12/2019 14/07/2012 Text Books  

Design & Developed by: PIET Central Library
R70 Miles Stone Pattikalyana Samalkha Panipat 132102
mail ID :- [email protected], Phone No:- 0180-2569700 Ex.216